000
00420nam a22001217a 4500
040
_c
RUA
082
_a
RUA CHH 1998 C220 Or.
100
_a
ច័ន្ទ សារុន.
245
_a
ធនធានមនុស្សពីសាកលវិទ្យាល័យភូមិន្ទកសិកម្ម(១៩៦៥-១៩៩៧).
260
_a
phnom penh
_b
rua
_c
1998
300
_a
190p.
_b
ill.
_c
29cm.
942
_c
REC
999
_c
22054
_d
22054